000
00328 a2200157 4500
001
174896
020
_a
040
_c
Magnum
100
_a
Lima, Flavio Ferraz
240
1
0
_a
O galo que acordava o dia
_l
por
245
1
0
_a
O galo que acordava o dia
362
0
_a
1899
440
1
_a
LĂȘ
697
_a
I/ANIMAIS
942
_c
BK
999
_c
174896
_d
174896